000 01032cam a2200205 4500
001 ABS65892
008 020829n2002 000 0 eng u
035 _a(Sirsi) u119473
041 0 _aeng
100 1 _aHobey, M.
245 0 0 _aLife in the slow lane
260 _c2002
490 0 _aMunicipal Journal
_v 22 August 2002, 11(1)
520 _aDiscusses congestion charging in London and other cities. Argues that after Westminster Council's application for a judicial review was lost the charging scheme for the capital now seems inevitable. This is despite its apparent unpopularity. Notes that some other areas of the UK such as Durham are starting to develop schemes for charging but other places like Leeds, Bristol and Edinburgh are sensibly waiting for significant improvements in public transport before charging the public.
590 _aABS
650 2 4 _aLONDON CONGESTION CHARGE ZONE
651 4 _aUnited Kingdom
_y
690 _aPROPERTY-INFRASTRUCTURE-TRANSPORT INFRASTRUCTURE-ROAD INFRASTRUCTURE
942 _n0
999 _c71031
_d71031